Marketing špecializovanej predajne s luxusným tovarom bakalárska práca

Na minha lista:
Detalhes bibliográficos
Autor principal: Zapotocký, Miroslav
Autor Corporativo: Podnikovohospodárska fakulta EU so sídlom v Košiciach. Katedra marketingu a obchodu
Outros Autores: Gajdoš, Jozef, 1962-2025
Formato: Livro
Idioma:eslovaco
Publicado em: Košice 2013
Tags: Adicionar Tag
Sem tags, seja o primeiro a adicionar uma tag!

MARC

LEADER 00000nbm a2200000 4500
001 0172197
005 20161109112034.6
041 0 |a slo 
044 |a SK 
245 1 0 |a Marketing špecializovanej predajne s luxusným tovarom  |b bakalárska práca  |c Miroslav Zapotocký ; školiteľ: Jozef Gajdoš 
264 1 |a Košice  |c 2013 
300 |a 55 s. 
100 1 |a Zapotocký, Miroslav 
700 1 |a Gajdoš, Jozef, 1962-2025 
710 2 |a Podnikovohospodárska fakulta EU so sídlom v Košiciach. Katedra marketingu a obchodu